March Madness 1st Round Winners - Statistics

General Stats
  • This quiz has been taken 234 times
  • The average score is 16 of 32
Answer Stats
Region Seed Team Who They Beat Score % Correct
West #4 Duke #13 UNC Wilmington 93-85
87%
East #1 North Carolina #16 Florida Gulf Coast 83-67
83%
South #1 Kansas #16 Austin Peay 105-79
77%
East #4 Kentucky #13 Stony Brook 85-57
75%
Midwest #1 Virginia #16 Hampton 81-45
69%
Midwest #11 Gonzaga #6 Seton Hall 68-52
66%
West #1 Oregon #16 Holy Cross 91-52
65%
East #7 Wisconsin #10 Pittsburgh 47-43
62%
South #2 Villanova #15 UNC Asheville 86-56
60%
South #7 Iowa #10 Temple 72-70
59%
Midwest #10 Syracuse #7 Dayton 70-51
58%
West #2 Oklahoma #15 CSU Bakersfield 82-68
57%
East #5 Indiana #12 Chattanooga 99-74
54%
Midwest #4 Iowa State #13 Iona 94-81
51%
West #3 Texas A&M #14 Green Bay 92-65
51%
East #2 Xavier #15 Weber State 71-53
50%
Midwest #15 Middle Tennessee #2 Michigan State 90-81
49%
Midwest #12 Little Rock #5 Purdue 85-83
48%
South #9 Connecticut #8 Colorado 74-67
45%
South #5 Maryland #12 SD State 79-74
40%
South #3 Miami #14 Buffalo 79-72
40%
East #6 Notre Dame #11 Michigan 70-63
40%
Midwest #3 Utah #14 Fresno State 80-69
39%
Midwest #9 Butler #8 Texas Tech 71-61
38%
East #9 Providence #8 USC 70-69
37%
West #12 Yale #5 Baylor 79-75
37%
South #13 Hawaii #4 California 77-66
35%
West #11 Northern Iowa #6 Texas 75-72
35%
West #10 VCU #7 Oregon St. 75-67
33%
South #11 Wichita St. #6 Arizona 65-55
30%
East #14 Stephen F. Austin #3 West Virginia 70-56
29%
West #8 St. Joe's #9 Cincinnati 78-76
23%
No matching quizzes found
Score Distribution
Percent of People with Each Score
Percentile by Number Answered
Your Score History
You have not taken this quiz